| 000 | 00755nam a2200217Ia 4500 | ||
|---|---|---|---|
| 003 | IN-BaIIA | ||
| 008 | 211028s9999 xx 000 0 eng d | ||
| 020 | _a0-7923-5208-4 | ||
| 040 | _cIIA Library | ||
| 080 |
_a52(082.1) _bASS-233 |
||
| 111 |
_aParis workshop _cFrance _d1997 June 9-12 _922425 |
||
| 245 | 0 |
_aBe stars _bproceedings of the Paris workshop Paris, France, 9-12 Jun 1997 _cedited by A. M. Hubert, Jaschek, C |
|
| 260 |
_aDordrecht _bKluwer Academic _c1998 |
||
| 300 | _axiv, 289p. | ||
| 490 | _aAstrophysics and space science library; v. 233 | ||
| 650 |
_aB[e] Stars _922426 |
||
| 650 | _aStars | ||
| 700 |
_aHubert, A. M., ed. _922427 |
||
| 700 |
_aJaschek, C., ed. _912218 |
||
| 942 | _cBK | ||
| 999 |
_c12796 _d12796 |
||